[Event "European School-ch 2019"]
[Site "Mamaia"]
[Date "2019.06.05"]
[Round "6.22"]
[White "Zhelev, Nikolay"]
[Black "Krawczyk, Flawian"]
[Result "0-1"]
[WhiteElo "1710"]
[BlackElo "1795"]
[Annotator "NA RC"]
[PlyCount "92"]
[EventDate "2019.05.31"]
[EventType "swiss"]
[EventCountry "ROU"]
[SourceTitle "playchess.com"]
[Source "ChessBase"]
[SourceQuality "1"]
[TimeControl "40/5400+30:1800+30"]

1. Nf3 {[%emt 0:00:00]} Nf6 {[%emt 0:00:00]} 2. c4 {[%emt 0:00:00]} g6 {[%emt 0:00:00]} 3. g3 {[%emt 0:00:00]} Bg7 {[%emt 0:00:00]} 4. Bg2 {[%emt 0:00:00]} O-O {[%emt 0:00:00]} 5. O-O {[%emt 0:00:05]} d6 {[%emt 0:00:00]} 6. d4 {[%emt 0:00:28]} Nbd7 {[%emt 0:00:00]} 7. Nc3 {[%emt 0:01:18]} e5 {[%emt 0:00:32]} 8. dxe5 {[%emt 0:03:15]} dxe5 {[%emt 0:00:43]} 9. Qc2 {[%emt 0:05:53]} c6 {[%emt 0:01:15]} 10. e4 {[%emt 0:01:25]} Qc7 {[%emt 0:01:09]} 11. h3 {[%emt 0:04:34]} Nh5 {[%emt 0:01:47]} 12. b3 {[%emt 0:11:53]} Rd8 {[%emt 0:03:22]} 13. Ba3 {[%emt 0:11:37]} Nf8 {[%emt 0:03:43]} 14. Rad1 {[%emt 0:02:31]} Be6 {[%emt 0:01:30]} 15. Ng5 {[%emt 0:08:46]} h6 {[%emt 0:04:59]} 16. Nxe6 {[%emt 0:01:15]} Nxe6 {[%emt 0:00:06]} 17. Ne2 {[%emt 0:02:16]} Nf6 {[%emt 0:04:09]} 18. Kh1 {[%emt 0:09:57]} Nh7 {[%emt 0:01:57]} 19. Qc3 {[%emt 0:04:39]} Nhf8 {[%emt 0:03:19]} 20. c5 {[%emt 0:03:26]} Rd7 {[%emt 0:04:00]} 21. Rd6 {[%emt 0:09:01]} Rad8 {[%emt 0:02:13]} 22. Rfd1 {[%emt 0:01:32]} Nd4 {[%emt 0:03:33]} 23. Nxd4 {[%emt 0:02:52]} exd4 {[%emt 0:00:18]} 24. Qc4 {[%emt 0:00:22]} Ne6 {[%emt 0:00:50]} 25. Rxd7 {[%emt 0:00:25]} Rxd7 {[%emt 0:00:42]} 26. b4 {[%emt 0:02:38]} a5 {[%emt 0:02:54]} 27. f4 {[%emt 0:03:37]} g5 {[%emt 0:03:49]} 28. f5 {[%emt 0:00:04]} Nf8 {[%emt 0:00:29]} 29. Rd3 {[%emt 0:00:58]} Be5 {[%emt 0:00:45]} 30. g4 {[%emt 0:00:54]} axb4 {[%emt 0:02:44]} 31. Bxb4 {[%emt 0:00:16]} Nh7 {[%emt 0:01:07]} 32. Qc2 {[%emt 0:02:28]} Nf6 {[%emt 0:02:33]} 33. Qe2 {[%emt 0:00:11]} b6 {[%emt 0:01:37]} 34. Ra3 {[%emt 0:00:19]} bxc5 {[%emt 0:01:21]} 35. Bxc5 {[%emt 0:00:05]} Qd8 {[%emt 0:01:21]} 36. Qd3 {[%emt 0:02:04]} h5 {[%emt 0:00:48]} 37. Bf3 {[%emt 0:00:24]} hxg4 {[%emt 0:00:31]} 38. Bxg4 {[%emt 0:00:23]} Nxg4 {[%emt 0:00:33]} 39. hxg4 {[%emt 0:00:05]} f6 {[%emt 0:01:11]} 40. Qc4+ {[%emt 0:00:00]} Kg7 {[%emt 0:00:00]} 41. Kg2 {[%emt 0:25:11]} d3 {[%emt 0:01:16]} 42. Qb3 {[%emt 0:02:06]} Qh8 {[%emt 0:02:30]} 43. Qe6 {[%emt 0:05:49]} Qh2+ {[%emt 0:00:13]} 44. Kf1 {[%emt 0:00:05]} Qe2+ {[%emt 0:00:54]} 45. Kg1 {[%emt 0:00:06]} Qxg4+ {[%emt 0:00:05]} 46. Kf1 {[%emt 0:01:02]} Qh3+ {[%emt 0:00:39]} 0-1

[Event "European School-ch 2019"]
[Site "Mamaia"]
[Date "2019.06.05"]
[Round "6.23"]
[White "Ciocani, Iosif"]
[Black "Gabulov, Ilkin"]
[Result "1/2-1/2"]
[WhiteElo "1740"]
[BlackElo "1288"]
[Annotator "NA RC"]
[PlyCount "100"]
[EventDate "2019.05.31"]
[EventType "swiss"]
[EventCountry "ROU"]
[SourceTitle "playchess.com"]
[Source "ChessBase"]
[SourceQuality "1"]
[TimeControl "40/5400+30:1800+30"]

1. c4 {[%emt 0:00:00]} Nf6 {[%emt 0:00:00]} 2. Nf3 {[%emt 0:00:07]} e6 {[%emt 0:01:35]} 3. g3 {[%emt 0:00:22]} d5 {[%emt 0:02:35]} 4. cxd5 {[%emt 0:00:18]} exd5 {[%emt 0:00:49]} 5. Bg2 {[%emt 0:00:42]} Bd6 {[%emt 0:03:22]} 6. O-O {[%emt 0:01:22]} O-O {[%emt 0:00:35]} 7. b3 {[%emt 0:02:09]} c6 {[%emt 0:02:54]} 8. Bb2 {[%emt 0:00:38]} Re8 {[%emt 0:00:47]} 9. d3 {[%emt 0:02:46]} Nbd7 {[%emt 0:01:02]} 10. Nbd2 {[%emt 0:02:54]} Ne5 {[%emt 0:02:03]} 11. Re1 {[%emt 0:09:05]} Bd7 {[%emt 0:15:43]} 12. Nxe5 {[%emt 0:05:36]} Bxe5 {[%emt 0:03:43]} 13. Bxe5 Rxe5 {[%emt 0:00:34]} 14. e4 {[%emt 0:02:25]} Qb6 {[%emt 0:03:41]} 15. Nf3 {[%emt 0:07:22]} Ree8 {[%emt 0:03:41]} 16. e5 {[%emt 0:01:50]} Ng4 {[%emt 0:00:44]} 17. d4 {[%emt 0:00:16]} Nh6 {[%emt 0:00:58]} 18. Qd2 {[%emt 0:02:28]} Nf5 {[%emt 0:04:06]} 19. g4 {[%emt 0:02:15]} Ne7 {[%emt 0:00:43]} 20. h3 {[%emt 0:00:40]} Ng6 {[%emt 0:00:40]} 21. Rac1 {[%emt 0:01:05]} a5 {[%emt 0:07:09]} 22. Nh2 {[%emt 0:04:33]} Qb4 {[%emt 0:05:38]} 23. Qd3 {[%emt 0:16:33]} a4 {[%emt 0:05:23]} 24. Nf3 {[%emt 0:12:12]} Nf4 {[%emt 0:05:38]} 25. Qe3 {[%emt 0:01:38]} Ne6 {[%emt 0:01:25]} 26. Red1 {[%emt 0:04:16]} b5 {[%emt 0:07:43]} 27. Nh4 {[%emt 0:06:26]} g6 {[%emt 0:04:00]} 28. f4 {[%emt 0:02:23]} Qa3 {[%emt 0:00:39]} 29. f5 {[%emt 0:01:54]} Ng7 {[%emt 0:00:10]} 30. f6 {[%emt 0:01:34]} Ne6 {[%emt 0:00:05]} 31. Nf3 {[%emt 0:01:33]} Qf8 {[%emt 0:01:04]} 32. b4 {[%emt 0:01:42]} a3 {[%emt 0:02:52]} 33. Rb1 {[%emt 0:01:22]} Ra4 {[%emt 0:00:35]} 34. Qd2 {[%emt 0:00:41]} Nc7 {[%emt 0:00:47]} 35. Ne1 {[%emt 0:00:56]} Na8 {[%emt 0:00:33]} 36. Nd3 {[%emt 0:00:36]} Nb6 {[%emt 0:00:24]} 37. Nc5 {[%emt 0:00:45]} Ra7 {[%emt 0:00:11]} 38. Bf1 {[%emt 0:01:40]} Rb8 {[%emt 0:02:15]} 39. Be2 {[%emt 0:01:15]} Na4 {[%emt 0:00:54]} 40. Nd3 {[%emt 0:00:00]} h6 {[%emt 0:00:00]} 41. Nf4 Nb2 {[%emt 0:02:50]} 42. Rxb2 {[%emt 0:11:43]} axb2 {[%emt 0:00:32]} 43. Qxb2 {[%emt 0:00:07]} Rba8 {[%emt 0:00:43]} 44. Ra1 {[%emt 0:00:15]} Qc8 {[%emt 0:01:15]} 45. Bd1 {[%emt 0:07:02]} Ra3 {[%emt 0:00:54]} 46. Bb3 {[%emt 0:03:53]} g5 {[%emt 0:03:21]} 47. Ng2 {[%emt 0:01:06]} Qf8 {[%emt 0:00:34]} 48. Ne1 {[%emt 0:04:52]} Qxb4 49. Nd3 Qa5 50. Nc5 Qb4 1/2-1/2

[Event "European School-ch 2019"]
[Site "Mamaia"]
[Date "2019.06.05"]
[Round "6.24"]
[White "Kotolashvili, Davit"]
[Black "Butolo, Alexandru-Mircea"]
[Result "1/2-1/2"]
[WhiteElo "1374"]
[BlackElo "1553"]
[Annotator "NA RC"]
[PlyCount "50"]
[EventDate "2019.05.31"]
[EventType "swiss"]
[EventCountry "ROU"]
[SourceTitle "playchess.com"]
[Source "ChessBase"]
[SourceQuality "1"]
[TimeControl "40/5400+30:1800+30"]

1. e4 {[%emt 0:00:00]} c5 {[%emt 0:00:35]} 2. Nf3 {[%emt 0:00:00]} g6 {[%emt 0:00:08]} 3. c3 {[%emt 0:00:00]} d5 {[%emt 0:00:29]} 4. exd5 {[%emt 0:00:13]} Qxd5 {[%emt 0:03:45]} 5. d4 {[%emt 0:00:07]} Bg7 {[%emt 0:00:55]} 6. Na3 {[%emt 0:00:28]} cxd4 {[%emt 0:00:46]} 7. Nb5 {[%emt 0:00:23]} Na6 {[%emt 0:01:12]} 8. Nbxd4 {[%emt 0:00:14]} Nf6 {[%emt 0:04:07]} 9. Bxa6 bxa6 {[%emt 0:00:55]} 10. O-O {[%emt 0:07:19]} O-O {[%emt 0:02:51]} 11. Re1 {[%emt 0:01:29]} e6 {[%emt 0:03:09]} 12. Bf4 {[%emt 0:05:44]} Bb7 {[%emt 0:02:18]} 13. Be5 {[%emt 0:10:10]} Rad8 {[%emt 0:09:55]} 14. Qb3 {[%emt 0:02:22]} Rc8 {[%emt 0:14:19]} 15. Rad1 {[%emt 0:04:18]} Ba8 {[%emt 0:12:58]} 16. Qa3 {[%emt 0:24:01]} Qb7 {[%emt 0:03:12]} 17. Qb3 {[%emt 0:08:13]} Qd5 {[%emt 0:20:34]} 18. Nc2 {[%emt 0:18:19]} Qxb3 {[%emt 0:01:58]} 19. axb3 {[%emt 0:00:05]} Rfd8 {[%emt 0:01:14]} 20. Nfd4 {[%emt 0:02:50]} Bb7 {[%emt 0:02:10]} 21. Ne3 {[%emt 0:02:16]} Nd5 {[%emt 0:00:50]} 22. Bxg7 {[%emt 0:00:08]} Kxg7 {[%emt 0:00:07]} 23. Nc4 {[%emt 0:02:03]} Nf4 {[%emt 0:02:24]} 24. f3 {[%emt 0:00:19]} Bd5 {[%emt 0:02:30]} 25. Ne3 {[%emt 0:01:05]} Bb7 {[%emt 0:00:34]} 1/2-1/2

[Event "European School-ch 2019"]
[Site "Mamaia"]
[Date "2019.06.05"]
[Round "6.25"]
[White "Gusev, Mikhail"]
[Black "Akkas, Doruk"]
[Result "1-0"]
[WhiteElo "1463"]
[BlackElo "1565"]
[Annotator "NA RC"]
[PlyCount "55"]
[EventDate "2019.05.31"]
[EventType "swiss"]
[EventCountry "ROU"]
[SourceTitle "playchess.com"]
[Source "ChessBase"]
[SourceQuality "1"]
[TimeControl "40/5400+30:1800+30"]

1. e4 {[%emt 0:00:00]} c5 {[%emt 0:00:00]} 2. Nf3 {[%emt 0:00:00]} Nc6 {[%emt 0:00:00]} 3. d4 {[%emt 0:00:00]} cxd4 {[%emt 0:00:00]} 4. Nxd4 {[%emt 0:00:00]} g6 {[%emt 0:00:00]} 5. Nc3 {[%emt 0:00:42]} Bg7 {[%emt 0:00:03]} 6. Be3 {[%emt 0:00:06]} Nf6 {[%emt 0:00:19]} 7. f3 {[%emt 0:00:30]} O-O {[%emt 0:03:44]} 8. Qd2 {[%emt 0:01:37]} d6 {[%emt 0:05:01]} 9. O-O-O {[%emt 0:01:09]} Nxd4 10. Bxd4 {[%emt 0:00:09]} Be6 {[%emt 0:04:35]} 11. g4 {[%emt 0:04:48]} Qa5 {[%emt 0:03:45]} 12. Kb1 {[%emt 0:02:40]} Rfb8 {[%emt 0:07:14]} 13. g5 {[%emt 0:19:17]} Nd7 {[%emt 0:01:33]} 14. Nd5 {[%emt 0:03:13]} Qd8 {[%emt 0:04:50]} 15. Bxg7 {[%emt 0:01:06]} Kxg7 {[%emt 0:00:02]} 16. Qc3+ {[%emt 0:06:40]} Kg8 {[%emt 0:03:41]} 17. h4 {[%emt 0:03:27]} Nb6 {[%emt 0:06:57]} 18. Nf4 {[%emt 0:03:12]} Rc8 {[%emt 0:10:15]} 19. Qd2 {[%emt 0:03:45]} Nc4 {[%emt 0:07:27]} 20. Bxc4 {[%emt 0:00:21]} Rxc4 {[%emt 0:00:37]} 21. h5 {[%emt 0:00:22]} gxh5 {[%emt 0:09:51]} 22. Rxh5 {[%emt 0:06:00]} Rac8 {[%emt 0:04:42]} 23. Nxe6 {[%emt 0:02:33]} fxe6 {[%emt 0:00:54]} 24. g6 {[%emt 0:00:41]} hxg6 {[%emt 0:03:05]} 25. Qh6 {[%emt 0:01:39]} gxh5 {[%emt 0:06:25]} 26. Rg1+ {[%emt 0:00:07]} Kf7 {[%emt 0:00:14]} 27. Qg6+ {[%emt 0:00:01]} Kf8 {[%emt 0:00:24]} 28. Qg8# {[%emt 0:00:01]} 1-0

[Event "European School-ch 2019"]
[Site "Mamaia"]
[Date "2019.06.05"]
[Round "6.26"]
[White "Shek, Daniel"]
[Black "Cnejev, Vladimir-Alexandru"]
[Result "0-1"]
[WhiteElo "1438"]
[BlackElo "1970"]
[Annotator "NA RC"]
[PlyCount "50"]
[EventDate "2019.05.31"]
[EventType "swiss"]
[EventCountry "ROU"]
[SourceTitle "playchess.com"]
[Source "ChessBase"]
[SourceQuality "1"]
[TimeControl "40/5400+30:1800+30"]

1. d4 {[%emt 0:00:00]} d5 {[%emt 0:00:00]} 2. Bf4 {[%emt 0:00:00]} Nf6 {[%emt 0:00:00]} 3. e3 {[%emt 0:00:00]} e6 {[%emt 0:00:00]} 4. Nd2 {[%emt 0:00:02]} c5 {[%emt 0:00:00]} 5. Ngf3 {[%emt 0:00:13]} Nc6 {[%emt 0:00:03]} 6. c3 {[%emt 0:00:18]} Bd6 {[%emt 0:00:07]} 7. Bg3 {[%emt 0:00:09]} O-O {[%emt 0:00:17]} 8. Bd3 {[%emt 0:00:31]} b6 {[%emt 0:00:08]} 9. e4 {[%emt 0:00:20] D02: 1 d4 d5 2 Nf3 sidelines, including 2...Nf6 3 g3 and 2...Nf6 3 Bf4} Be7 {[%emt 0:00:17]} 10. e5 {[%emt 0:00:30]} Nh5 {[%emt 0:00:12]} 11. Qb1 $146 {[%emt 0:02:51]} ({Predecessor:} 11. Nf1 cxd4 12. Nxd4 Nxd4 13. cxd4 g6 14. Ne3 f5 15. exf6 Bxf6 16. Be2 Nxg3 17. hxg3 {½-½ (37) Nakamura,H (2787)-Svidler,P (2760) Moscow 2018}) 11... h6 {[%emt 0:04:45]} 12. O-O {[%emt 0:04:43]} Bb7 {[%emt 0:03:52]} 13. a3 {[%emt 0:07:11]} a5 {[%emt 0:03:43]} 14. Rc1 {[%emt 0:11:17]} Qc8 {[%emt 0:01:07]} 15. Bh4 {[%emt 0:11:58]} Bxh4 {[%emt 0:06:22]} 16. Nxh4 {[%emt 0:00:05]} Ba6 {[%emt 0:16:40]} 17. g3 {[%emt 0:04:47]} g5 {[%emt 0:07:07]} 18. Nhf3 {[%emt 0:03:37]} f5 {[%emt 0:14:03]} 19. exf6 $16 {[%emt 0:02:22]} Rxf6 {[%emt 0:04:27]} 20. Bxa6 {[%emt 0:01:36]} Qxa6 {[%emt 0:01:03]} 21. Ne5 {[%emt 0:02:22]} Qe2 {[%emt 0:08:09]} 22. Ndf3 {[%emt 0:09:21]} Nxe5 {[%emt 0:02:36]} 23. dxe5 {[%emt 0:01:22]} Rxf3 {[%emt 0:00:33]} 24. Qg6+ {[%emt 0:01:50]} Ng7 {[%emt 0:01:20]} 25. Rc2 {[%emt 0:01:46]} Qxe5 0-1

[Event "European School-ch 2019"]
[Site "Mamaia"]
[Date "2019.06.05"]
[Round "6.27"]
[White "Magold, Filip"]
[Black "Conon, Catalin"]
[Result "1-0"]
[WhiteElo "1906"]
[BlackElo "1533"]
[Annotator "NA RC"]
[PlyCount "97"]
[EventDate "2019.05.31"]
[EventType "swiss"]
[EventCountry "ROU"]
[SourceTitle "playchess.com"]
[Source "ChessBase"]
[SourceQuality "1"]
[TimeControl "40/5400+30:1800+30"]

1. e4 {[%emt 0:00:00]} c5 {[%emt 0:00:00]} 2. Nf3 {[%emt 0:00:00]} Nc6 {[%emt 0:00:00]} 3. d4 {[%emt 0:00:00]} cxd4 {[%emt 0:00:00]} 4. Nxd4 {[%emt 0:00:00]} e5 {[%emt 0:00:00]} 5. Nb5 {[%emt 0:00:26]} a6 {[%emt 0:00:12]} 6. N5c3 {[%emt 0:00:43]} Nf6 {[%emt 0:00:07]} 7. Bg5 {[%emt 0:00:06]} h6 {[%emt 0:03:19]} 8. Bxf6 {[%emt 0:00:31]} Qxf6 {[%emt 0:00:10]} 9. Nd5 {[%emt 0:00:17]} Qd8 {[%emt 0:00:05]} 10. Nd2 $11 {[%emt 0:00:59]} Ne7 {[%emt 0:03:23]} 11. Nc4 {[%emt 0:01:22]} Nc6 {[%emt 0:28:02]} 12. c3 {[%emt 0:29:31]} b5 {[%emt 0:06:17]} 13. Ncb6 {[%emt 0:01:51]} Rb8 {[%emt 0:01:28]} 14. Nxc8 {[%emt 0:00:46]} Qxc8 {[%emt 0:03:13]} 15. a4 {[%emt 0:05:14]} b4 {[%emt 0:01:13]} 16. Bxa6 {[%emt 0:00:08]} Qd8 {[%emt 0:00:35]} 17. O-O {[%emt 0:01:46]} bxc3 {[%emt 0:03:44]} 18. bxc3 {[%emt 0:00:08]} Bc5 {[%emt 0:06:07]} 19. Qg4 {[%emt 0:03:40]} Qg5 {[%emt 0:07:44]} 20. Nc7+ {[%emt 0:05:53]} Kd8 {[%emt 0:02:42]} 21. Qxg5+ {[%emt 0:00:06]} hxg5 {[%emt 0:00:06]} 22. Nd5 Ne7 {[%emt 0:03:51]} 23. Rfb1 {[%emt 0:03:46]} Ra8 {[%emt 0:02:31]} 24. Bb7 {[%emt 0:02:18]} Ra7 {[%emt 0:02:03]} 25. a5 {[%emt 0:03:47]} f6 {[%emt 0:05:22]} 26. a6 {[%emt 0:02:08]} Nxd5 {[%emt 0:04:38]} 27. Bxd5 {[%emt 0:00:17]} Ke7 {[%emt 0:02:26]} 28. Rb7 {[%emt 0:04:59]} Rha8 {[%emt 0:05:20]} 29. Rxa7 {[%emt 0:00:22]} Rxa7 {[%emt 0:00:05]} 30. Bb7 {[%emt 0:00:03]} Kd6 {[%emt 0:00:45]} 31. Kf1 {[%emt 0:00:59]} g6 {[%emt 0:01:13]} 32. g4 {[%emt 0:00:25]} Kc7 {[%emt 0:01:00]} 33. Rb1 {[%emt 0:00:30]} Bb6 {[%emt 0:01:05]} 34. Ke2 {[%emt 0:00:16]} Bc5 {[%emt 0:00:43]} 35. f3 {[%emt 0:00:15]} Kd6 {[%emt 0:01:01]} 36. Rh1 {[%emt 0:00:14]} Ke6 {[%emt 0:00:36]} 37. h4 {[%emt 0:00:16]} gxh4 {[%emt 0:00:59]} 38. Rxh4 {[%emt 0:00:05]} f5 {[%emt 0:00:21]} 39. gxf5+ {[%emt 0:00:11]} gxf5 {[%emt 0:00:25]} 40. Rh6+ {[%emt 0:00:00]} Kf7 {[%emt 0:00:00]} 41. exf5 {[%emt 0:00:09]} Kg7 {[%emt 0:00:26]} 42. Rg6+ {[%emt 0:00:04]} Kf7 {[%emt 0:00:14]} 43. Kd3 {[%emt 0:00:03]} d6 {[%emt 0:00:36]} 44. Ke4 {[%emt 0:00:11]} Ke7 {[%emt 0:00:12]} 45. Kd5 {[%emt 0:00:16]} Kf7 {[%emt 0:00:20]} 46. Rxd6 {[%emt 0:00:39]} Bxd6 {[%emt 0:00:14]} 47. Kxd6 {[%emt 0:00:04]} Kf8 {[%emt 0:00:13]} 48. Kxe5 {[%emt 0:00:05]} Ke7 {[%emt 0:00:14]} 49. c4 {[%emt 0:00:05]} 1-0

[Event "European School-ch 2019"]
[Site "Mamaia"]
[Date "2019.06.05"]
[Round "6.28"]
[White "Karimli, Yusif"]
[Black "Durucay, Uygar"]
[Result "1-0"]
[WhiteElo "1470"]
[BlackElo "1575"]
[Annotator "NA RC"]
[PlyCount "122"]
[EventDate "2019.05.31"]
[EventType "swiss"]
[EventCountry "ROU"]
[SourceTitle "playchess.com"]
[Source "ChessBase"]
[SourceQuality "1"]
[TimeControl "40/5400+30:1800+30"]

1. Nf3 {[%emt 0:00:00]} d5 {[%emt 0:00:32]} 2. d4 {[%emt 0:00:02]} Nf6 {[%emt 0:01:05]} 3. g3 {[%emt 0:03:34]} e6 {[%emt 0:03:28]} 4. Bg2 {[%emt 0:00:51]} c5 {[%emt 0:00:13]} 5. O-O {[%emt 0:02:52]} Nc6 {[%emt 0:00:30]} 6. c4 {[%emt 0:00:14]} Be7 {[%emt 0:00:17]} 7. Nc3 {[%emt 0:05:38]} O-O {[%emt 0:02:24]} 8. cxd5 exd5 {[%emt 0:02:24]} 9. dxc5 {[%emt 0:08:50]} Bxc5 {[%emt 0:00:51]} 10. Bg5 {[%emt 0:03:34]} d4 {[%emt 0:06:09]} 11. Ne4 {[%emt 0:00:30]} Be7 {[%emt 0:00:30]} 12. Nxf6+ {[%emt 0:00:30]} Bxf6 {[%emt 0:00:30]} 13. Bxf6 {[%emt 0:00:30]} Qxf6 {[%emt 0:00:30]} 14. Qd2 {[%emt 0:00:30]} Re8 {[%emt 0:00:30]} 15. Rfd1 {[%emt 0:00:30]} Rd8 {[%emt 0:00:30]} 16. Rac1 {[%emt 0:00:30]} Bf5 {[%emt 0:06:28]} 17. Qf4 {[%emt 0:20:56]} d3 {[%emt 0:05:36]} 18. exd3 {[%emt 0:02:53]} Bxd3 {[%emt 0:00:30]} 19. Qxf6 {[%emt 0:00:51]} gxf6 {[%emt 0:00:11]} 20. Rd2 {[%emt 0:01:18]} Be4 {[%emt 0:01:50]} 21. Rcd1 {[%emt 0:03:27]} Rxd2 {[%emt 0:01:15]} 22. Rxd2 {[%emt 0:00:27]} Rc8 {[%emt 0:01:21]} 23. h4 {[%emt 0:07:09]} Kf8 {[%emt 0:06:00]} 24. Rd1 {[%emt 0:03:40]} Bxf3 {[%emt 0:07:14]} 25. Bxf3 {[%emt 0:00:57]} Ne5 {[%emt 0:00:17]} 26. Be4 {[%emt 0:03:14]} h6 {[%emt 0:02:49]} 27. b3 {[%emt 0:01:51]} Rc7 {[%emt 0:04:26]} 28. Rd8+ {[%emt 0:00:30]} Kg7 {[%emt 0:00:30]} 29. Ra8 b6 30. Kg2 {[%emt 0:03:18]} Nd7 {[%emt 0:05:05]} 31. a3 {[%emt 0:02:42]} Nc5 {[%emt 0:00:58]} 32. Bd5 {[%emt 0:01:00]} Rd7 {[%emt 0:00:48]} 33. Bc4 {[%emt 0:00:31]} Ne4 {[%emt 0:00:52]} 34. b4 {[%emt 0:01:35]} Nd6 {[%emt 0:00:33]} 35. Ba6 {[%emt 0:01:58]} Ne4 {[%emt 0:01:33]} 36. Kf3 {[%emt 0:00:57]} Re7 {[%emt 0:01:33]} 37. Rb8 {[%emt 0:01:17]} Nd2+ {[%emt 0:01:18]} 38. Kg2 {[%emt 0:04:19]} Rc7 {[%emt 0:07:13]} 39. Ra8 {[%emt 0:01:44]} Re7 {[%emt 0:00:28]} 40. a4 {[%emt 0:00:00]} Ne4 {[%emt 0:00:00]} 41. a5 {[%emt 0:01:36]} bxa5 {[%emt 0:01:29]} 42. bxa5 {[%emt 0:00:12]} Nd6 {[%emt 0:05:37]} 43. Bf1 {[%emt 0:00:50]} Kg6 {[%emt 0:02:03]} 44. a6 {[%emt 0:00:54]} Rd7 {[%emt 0:00:24]} 45. Kf3 {[%emt 0:00:25]} f5 {[%emt 0:00:59]} 46. Bd3 {[%emt 0:02:22]} Rc7 {[%emt 0:00:42]} 47. Rd8 {[%emt 0:00:30]} Nc8 {[%emt 0:00:41]} 48. g4 {[%emt 0:00:40]} Kf6 {[%emt 0:01:09]} 49. Bxf5 {[%emt 0:00:27]} Rc3+ {[%emt 0:00:33]} 50. Kg2 {[%emt 0:00:47]} Nb6 {[%emt 0:00:29]} 51. Rd6+ {[%emt 0:01:14]} Kg7 {[%emt 0:00:20]} 52. Be4 {[%emt 0:00:15]} Ra3 {[%emt 0:00:13]} 53. Bb7 {[%emt 0:00:12]} Ra4 {[%emt 0:00:43]} 54. f3 {[%emt 0:03:25]} Nc4 {[%emt 0:00:49]} 55. Rd3 {[%emt 0:01:53]} Nb6 {[%emt 0:00:28]} 56. Kg3 {[%emt 0:00:58]} Nc4 {[%emt 0:00:44]} 57. Rd7 {[%emt 0:00:44]} Nb6 {[%emt 0:00:08]} 58. Rc7 {[%emt 0:00:19]} Ra3 {[%emt 0:02:50]} 59. Rc6 {[%emt 0:01:27]} Ra4 {[%emt 0:00:20]} 60. h5 {[%emt 0:00:59]} Ra3 {[%emt 0:00:21]} 61. Rc7 {[%emt 0:01:14] f6 Kf4+} Kf8 {[%emt 0:16:59] Kf5 Rd3 Kxf6} 1-0

[Event "European School-ch 2019"]
[Site "Mamaia"]
[Date "2019.06.05"]
[Round "6.29"]
[White "Celik, Ali Alper"]
[Black "Zheng, Harry Z"]
[Result "0-1"]
[WhiteElo "1169"]
[BlackElo "1653"]
[Annotator "NA RC"]
[PlyCount "112"]
[EventDate "2019.05.31"]
[EventType "swiss"]
[EventCountry "ROU"]
[SourceTitle "playchess.com"]
[Source "ChessBase"]
[SourceQuality "1"]
[TimeControl "40/5400+30:1800+30"]

1. e4 {[%emt 0:00:00]} e5 {[%emt 0:00:00]} 2. Nf3 {[%emt 0:00:00]} Nc6 {[%emt 0:00:09]} 3. Bc4 {[%emt 0:00:00]} Bc5 {[%emt 0:00:42]} 4. c3 {[%emt 0:00:27]} Nf6 {[%emt 0:00:29]} 5. d4 {[%emt 0:00:18]} exd4 {[%emt 0:00:20]} 6. e5 {[%emt 0:00:37]} d5 {[%emt 0:00:55]} 7. Bb5 {[%emt 0:00:55]} Ne4 {[%emt 0:00:36]} 8. cxd4 {[%emt 0:00:51]} Bb6 {[%emt 0:03:39]} 9. Be3 {[%emt 0:00:59]} Bd7 {[%emt 0:02:52]} 10. Qb3 {[%emt 0:11:07]} Ne7 {[%emt 0:07:07]} 11. Bxd7+ {[%emt 0:04:18]} Qxd7 {[%emt 0:00:43]} 12. Nc3 {[%emt 0:02:51]} O-O {[%emt 0:04:49]} 13. Nxe4 {[%emt 0:03:40]} dxe4 {[%emt 0:01:30]} 14. Ng5 {[%emt 0:04:54]} Qg4 {[%emt 0:20:10]} 15. O-O {[%emt 0:12:37]} h6 {[%emt 0:05:57]} 16. f3 {[%emt 0:09:39]} exf3 {[%emt 0:00:17]} 17. Nxf3 {[%emt 0:06:38]} Nf5 {[%emt 0:08:36]} 18. e6 {[%emt 0:10:05]} Qg6 {[%emt 0:11:57]} 19. exf7+ {[%emt 0:09:47]} Qxf7 {[%emt 0:00:19]} 20. Qxf7+ {[%emt 0:04:29]} Rxf7 {[%emt 0:00:25]} 21. Bf2 {[%emt 0:01:00]} Rd7 {[%emt 0:04:21]} 22. Rad1 {[%emt 0:01:44]} Rad8 {[%emt 0:01:48]} 23. Ne5 {[%emt 0:03:27]} Rd6 {[%emt 0:03:02]} 24. Nc4 {[%emt 0:01:58]} Rd5 {[%emt 0:00:42]} 25. Nxb6 {[%emt 0:03:55]} cxb6 {[%emt 0:00:39]} 26. Rc1 {[%emt 0:00:38]} Nxd4 {[%emt 0:01:55]} 27. Bxd4 {[%emt 0:00:28]} Rxd4 {[%emt 0:00:31]} 28. Rc7 {[%emt 0:01:10]} R4d7 {[%emt 0:01:12]} 29. Rfc1 {[%emt 0:01:43]} Rxc7 {[%emt 0:00:21]} 30. Rxc7 {[%emt 0:00:12]} Rd1+ {[%emt 0:00:11]} 31. Kf2 {[%emt 0:00:18]} Rd2+ {[%emt 0:00:20]} 32. Ke3 {[%emt 0:00:08]} Rxb2 {[%emt 0:00:09]} 33. Rxb7 {[%emt 0:00:38]} Rxa2 {[%emt 0:00:06]} 34. Kf3 {[%emt 0:00:10]} Ra5 {[%emt 0:00:58]} 35. g3 {[%emt 0:00:31]} Kh7 {[%emt 0:00:36]} 36. Kg4 {[%emt 0:00:21]} Kg6 {[%emt 0:00:58]} 37. h4 {[%emt 0:00:24]} h5+ {[%emt 0:01:16]} 38. Kh3 {[%emt 0:00:06]} b5 {[%emt 0:02:23]} 39. Kh2 {[%emt 0:00:34]} a6 {[%emt 0:00:26]} 40. Rb6+ {[%emt 0:00:00]} Kf5 {[%emt 0:00:00]} 41. Rb7 {[%emt 0:01:05]} g6 {[%emt 0:01:44]} 42. Rf7+ {[%emt 0:00:07]} Ke6 {[%emt 0:00:24]} 43. Rg7 {[%emt 0:00:18]} Kf6 {[%emt 0:00:24]} 44. Rb7 {[%emt 0:00:07]} Ra4 {[%emt 0:00:44]} 45. Rb6+ {[%emt 0:00:09]} Kg7 {[%emt 0:00:37]} 46. Rb7+ {[%emt 0:00:10]} Kh6 {[%emt 0:00:05]} 47. Rb8 {[%emt 0:00:05]} b4 {[%emt 0:00:05]} 48. Kh3 {[%emt 0:00:30]} a5 {[%emt 0:00:07]} 49. Rh8+ {[%emt 0:00:04]} Kg7 {[%emt 0:00:13]} 50. Rb8 {[%emt 0:00:17]} Ra3 {[%emt 0:00:03]} 51. Rb7+ {[%emt 0:00:08]} Kh6 {[%emt 0:00:09]} 52. Re7 {[%emt 0:00:27]} b3 {[%emt 0:00:23]} 53. Re1 {[%emt 0:00:25]} b2 {[%emt 0:00:15]} 54. Rb1 {[%emt 0:00:10]} Rb3 {[%emt 0:00:20]} 55. Kg2 {[%emt 0:00:08]} a4 {[%emt 0:00:09]} 56. Kf2 {[%emt 0:00:07]} a3 0-1